The logic of social systems

Guardado en:  
Detalles Bibliográficos
Autor principal: Kuhn, Alfred (Autor)
Tipo de documento: Print Libro
Lenguaje:Inglés
Publicado: San Francisco [u.a.] Jossey-Bass 1974
En:Año: 1974
Acceso en línea: Índice
Disponibilidad en Tübingen:Disponible en Tübingen.
UB: KB 5 A 233
Verificar disponibilidad: HBZ Gateway
Servicio de pedido Subito: Pedir ahora.

MARC

LEADER 00000cam a2200000 c 4500
001 197104002
003 DE-627
005 20251222204838.0
007 tu
008 960427s1974 xxu||||| 00| ||eng c
020 |a 0875892213  |9 0-87589-221-3 
035 |a (DE-627)197104002 
035 |a (DE-576)004562437 
035 |a (DE-599)GBV197104002 
035 |a (OCoLC)992171 
035 |a (OCoLC)00992171 
035 |a (OCoLC)263568980 
035 |a (DE-604)8031658601 
040 |a DE-627  |b ger  |c DE-627  |e rakwb 
041 |a eng 
044 |c XD-US 
082 0 |a 300/.1  |q OCLC 
084 |a MQ 1200  |2 rvk  |0 (DE-625)rvk/123412: 
084 |a MR 5400  |2 rvk  |0 (DE-625)rvk/123516: 
100 1 |a Kuhn, Alfred  |4 aut 
245 1 4 |a The logic of social systems  |c Alfred Kuhn. Forew / By Kenneth E. Boulding 
264 1 |a San Francisco [u.a.]  |b Jossey-Bass  |c 1974 
300 |a XXX, 534 S 
336 |a Text  |b txt  |2 rdacontent 
337 |a ohne Hilfsmittel zu benutzen  |b n  |2 rdamedia 
338 |a Band  |b nc  |2 rdacarrier 
490 0 |a Jossey-Bass behavioral science series 
500 |a Mit Bibliogr 
856 4 2 |u https://swbplus.bsz-bw.de/bsz004562437inh.htm  |m B:DE-576;DE-352  |q application/pdf  |v 20110405095944  |x Verlag  |3 Inhaltsverzeichnis  |7 1 
889 |w (DE-627)038900548 
935 |i mdedup 
935 |i Blocktest 
936 r v |a MQ 1200  |b Allgemeine Einführungen in die Soziologie  |k Soziologie  |k Einführung und Geschichte  |k Einführungen und Reader  |k Allgemeine Einführungen in die Soziologie  |0 (DE-627)1271366118  |0 (DE-625)rvk/123412:  |0 (DE-576)201366118 
936 r v |a MR 5400  |b Formalisierte (Modell-)Theorien, Systemtheorien  |k Soziologie  |k Sozialwissenschaftliche Theorien und Methoden  |k Jüngere soziologische Theorie  |k Formalisierte (Modell-)Theorien, Systemtheorien  |0 (DE-627)1271142074  |0 (DE-625)rvk/123516:  |0 (DE-576)201142074 
951 |a BO 
ELC |b 1 
LOK |0 000 xxxxxcx a22 zn 4500 
LOK |0 001 3092643119 
LOK |0 003 DE-627 
LOK |0 004 197104002 
LOK |0 005 20020606000000 
LOK |0 008 910613||||||||||||||||ger||||||| 
LOK |0 040   |a DE-21  |c DE-627  |d DE-21 
LOK |0 852   |a DE-21 
LOK |0 852 1  |c KB 5 A 233  |9 00 
LOK |0 935   |a krim 
LOK |0 936ln  |a k7.1 
LOK |0 939   |a 13-06-91  |b l01 
ORI |a SA-MARC-krimdoka001.raw 
SIG |a UB: KB 5 A 233